Plantas medicinales en nuestra salud (Registro nro. 7207)

Detalles MARC
000 -CABECERA
Campo de control 00674nam a2200205 a 4500
005 - FECHA Y HORA DE LA ULTIMA TRANSACCION
Campo de control 20150113144109.0
008 - ELEMENTOS DE LONGITUD FIJA—INFORMACION GENERAL
Campo de control 150113b xxu||||| |||| 00| 0 spa d
040 ## - FUENTE DE CATALOGACIÓN
Agencia catalogadora original CO-BoIAVH
Agencia transcriptora CO-BoIAVH
041 ## - IDIOMA
Código de idioma para texto/pista de sonido o título separado Español
090 ## - CLASIFICACIÓN LOCAL
Colección IAVH
Consecutivo 01394
100 ## - ASIENTO PRINCIPAL--NOMBRE PERSONAL
Nombre personal Parada B., Martha E.
245 ## - MENCION DE TITULO
Título Plantas medicinales en nuestra salud
Parte restante del título manejo de enfermedades comunes con plantas medicinales (Enfermedades respiratorias)
260 ## - PUBLICACION, DISTRIBUCION, ETC. (PIE DE IMPRENTA)
Lugar de publicación, distribución, etc. Popayán
Nombre del editor, distribuidor, etc. IAVH
Fecha de publicación, distribución, etc. 2006
300 ## - DESCRIPCION FISICA
Extensión 71 p.
650 ## - ASIENTO SECUNDARIO DE MATERIA - TERMINO TEMATICO
Término temático o nombre geográfico como elemento de entrada Capacitación comunitaria
650 ## - ASIENTO SECUNDARIO DE MATERIA - TERMINO TEMATICO
Término temático o nombre geográfico como elemento de entrada Materiales educativos
650 ## - ASIENTO SECUNDARIO DE MATERIA - TERMINO TEMATICO
Término temático o nombre geográfico como elemento de entrada Plantas medicinales
700 ## - ASIENTO SECUNDARIO - NOMBRE PERSONAL
Nombre personal Aguilar Rugeles, Angélica
942 ## - ELEMENTOS ADICIONALES (KOHA)
Tipo de ítem Informe Técnico
Sistema de clasificación Local
Existencias
Withdrawn status Lost status Sistema de Clasificación Damaged status No para préstamo Colección Inventariado Ubicación Permanente Ubicación actual Fecha de adquisición Total Checkouts Número topográfico Inventario / Código de Barras Date last seen Ejemplar Price effective from Forma de adquisición Tipo de material
    Local     Humboldt Inventariado 2017 Bogotá Bogotá 25/11/2009   IAVH-01394 027790 09/08/2024 Ej.1 04/12/2012   Informe Técnico